[Event "ARG-ch Seniors 50"]
[Site "Coronel Pringles"]
[Date "2019.12.15"]
[Round "6.11"]
[White "Godoy, Gustavo"]
[Black "Galleto, Ricardo"]
[Result "0-1"]
[WhiteElo "1716"]
[BlackElo "1947"]
[PlyCount "122"]
[EventDate "2019.12.13"]
[EventType "swiss"]
[EventRounds "7"]
[EventCountry "ARG"]
[SourceTitle "EXT 2024"]
[Source "ChessBase"]
[SourceDate "2023.10.10"]
[SourceVersion "1"]
[SourceVersionDate "2023.10.10"]
[SourceQuality "1"]

1. e4 d5 2. exd5 c6 3. dxc6 e5 4. d4 Nxc6 5. dxe5 Qxd1+ 6. Kxd1 Nxe5 7. Bb5+ Bd7 8. Bxd7+ Nxd7 9. Nf3 0-0-0 10. Re1 Ngf6 11. Ke2 Re8+ 12. Kf1 Rxe1+ 13. Nxe1 Bd6 14. h3 Nd5 15. Bd2 Be5 16. Nd3 Bf6 17. Na3 Ne5 18. Nxe5 Bxe5 19. Nc4 Bc7 20. Ne3 Ne7 21. Bc3 f6 22. Re1 Kd7 23. Bb4 Nc6 24. Rd1+ Ke6 25. Bc3 Rd8 26. Rxd8 Bxd8 27. g4 g6 28. Ke2 Ba5 29. Bxa5 Nxa5 30. f4 Nc6 31. c3 Kd6 32. b4 Nd8 33. c4 Ke6 34. Nc2 Kd6 35. Nd4 a6 36. a4 Nf7 37. Ke3 b6 38. h4 Nh6 39. Kf3 Nf7 40. g5 f5 41. Ke3 Nd8 42. Kd3 Nb7 43. Kc3 Nd8 44. Kb3 Nb7 45. Kc3 Nd8 46. Kd3 Nf7 47. Nf3 Nd8 48. Ne5 Ne6 49. Ke3 Nd8 50. c5+ bxc5 51. bxc5+ Kxc5 52. Nd7+ Kb4 53. Nf6 Kxa4 54. Nxh7 Ne6 55. Nf6 Kb3 56. h5 gxh5 57. Nxh5 a5 58. Ng3 a4 59. g6 a3 60. Nf1 a2 61. Nd2+ Kc2 0-1

[Event "ARG-ch Seniors 50"]
[Site "Coronel Pringles"]
[Date "2019.12.14"]
[Round "3.10"]
[White "Wallace, Horacio"]
[Black "Godoy, Gustavo"]
[Result "1-0"]
[WhiteElo "1868"]
[BlackElo "1716"]
[PlyCount "50"]
[EventDate "2019.12.13"]
[EventType "swiss"]
[EventRounds "7"]
[EventCountry "ARG"]
[SourceTitle "EXT 2024"]
[Source "ChessBase"]
[SourceDate "2023.10.10"]
[SourceVersion "1"]
[SourceVersionDate "2023.10.10"]
[SourceQuality "1"]

1. e4 c5 2. b4 e6 3. bxc5 Qa5 4. c3 Bxc5 5. d4 Bb6 6. Bd2 Bc7 7. c4 Qb6 8. c5 Qc6 9. Nc3 a6 10. Bd3 d6 11. cxd6 Qxd6 12. Nge2 Nc6 13. e5 Qd8 14. Be3 Nge7 15. Rc1 h6 16. Bb1 Ba5 17. 0-0 Nb4 18. Ng3 g6 19. Nge4 Nbd5 20. Nd6+ Kf8 21. Qf3 Nf5 22. Nxd5 exd5 23. Nxf5 gxf5 24. Qh5 Rh7 25. Bxh6+ Kg8 1-0

[Event "Ciencias Prueba"]
[Site "Ciencias"]
[Date "2019.??.??"]
[Round "3.3"]
[White "Bourgeois, Gustavo"]
[Black "Godoy, Gustavo"]
[Result "1/2-1/2"]
[WhiteElo "1741"]
[BlackElo "1814"]
[PlyCount "47"]
[EventDate "2019.05.30"]
[EventType "swiss"]
[EventRounds "9"]
[EventCountry "ARG"]
[SourceTitle "EXT 2024"]
[Source "ChessBase"]
[SourceDate "2023.10.10"]
[SourceVersion "1"]
[SourceVersionDate "2023.10.10"]
[SourceQuality "1"]

1. d4 Nf6 2. c4 d5 3. cxd5 Qxd5 4. Nc3 Qd8 5. Nf3 e6 6. Bg5 Be7 7. e3 0-0 8. Bd3 Nc6 9. 0-0 Ne8 10. Bxe7 Nxe7 11. Rc1 h6 12. Bb1 b6 13. Qc2 g6 14. Ne5 Bb7 15. Qa4 c6 16. Rfd1 Nf6 17. Ne4 Nfd5 18. Qa3 a5 19. Nd6 Qc7 20. Nxb7 Qxb7 21. Qd3 Kg7 22. a3 Rad8 23. h4 h5 24. Qe2 1/2-1/2

[Event "Ciencias Prueba"]
[Site "Ciencias"]
[Date "2019.??.??"]
[Round "6.1"]
[White "Godoy, Gustavo"]
[Black "Navarro Madrid, Omar"]
[Result "1/2-1/2"]
[WhiteElo "1814"]
[BlackElo "1711"]
[PlyCount "48"]
[EventDate "2019.05.30"]
[EventType "swiss"]
[EventRounds "9"]
[EventCountry "ARG"]
[SourceTitle "EXT 2024"]
[Source "ChessBase"]
[SourceDate "2023.10.10"]
[SourceVersion "1"]
[SourceVersionDate "2023.10.10"]
[SourceQuality "1"]

1. e4 c5 2. Nc3 Nc6 3. Bb5 Nd4 4. Bc4 g6 5. a4 Bg7 6. d3 d6 7. f4 e6 8. Nf3 Ne7 9. 0-0 0-0 10. Bd2 b6 11. Rb1 Bb7 12. Kh1 a6 13. Nxd4 cxd4 14. Ne2 d5 15. exd5 Bxd5 16. Bxd5 Nxd5 17. Rf3 Rc8 18. Rc1 Qd7 19. c4 dxc3 20. bxc3 Rc7 21. c4 Ne7 22. Qb3 Rfc8 23. Qxb6 Qxa4 24. Nc3 Qc6 1/2-1/2

[Event "Ciencias Prueba"]
[Site "Ciencias"]
[Date "2019.??.??"]
[Round "2.1"]
[White "Splendore, Franco"]
[Black "Godoy, Gustavo"]
[Result "1-0"]
[WhiteElo "1559"]
[BlackElo "1814"]
[PlyCount "49"]
[EventDate "2019.05.30"]
[EventType "swiss"]
[EventRounds "9"]
[EventCountry "ARG"]
[SourceTitle "EXT 2024"]
[Source "ChessBase"]
[SourceDate "2023.10.10"]
[SourceVersion "1"]
[SourceVersionDate "2023.10.10"]
[SourceQuality "1"]

1. e4 e6 2. d3 c5 3. g3 Nc6 4. Bg2 g6 5. Nf3 d6 6. 0-0 Bg7 7. Re1 Nge7 8. c3 0-0 9. Nbd2 b5 10. Nf1 a5 11. Bf4 e5 12. Be3 Rb8 13. h4 f5 14. exf5 Bxf5 15. Ng5 Bf6 16. Nh2 Bxg5 17. Bxg5 Qc7 18. Bh6 Rf7 19. g4 Bc8 20. f4 b4 21. fxe5 Nxe5 22. d4 Nc4 23. Bd5 Nb6 24. Bxf7+ Kxf7 25. Qf3+ 1-0

[Event "Ciencias Prueba"]
[Site "Ciencias"]
[Date "2019.??.??"]
[Round "5.3"]
[White "Sterki, Juan"]
[Black "Godoy, Gustavo"]
[Result "0-1"]
[WhiteElo "1461"]
[BlackElo "1814"]
[PlyCount "55"]
[EventDate "2019.05.30"]
[EventType "swiss"]
[EventRounds "9"]
[EventCountry "ARG"]
[SourceTitle "EXT 2024"]
[Source "ChessBase"]
[SourceDate "2023.10.10"]
[SourceVersion "1"]
[SourceVersionDate "2023.10.10"]
[SourceQuality "1"]

1. e4 e5 2. Nf3 f5 3. exf5 e4 4. Qe2 Qe7 5. Nd4 c5 6. Qh5+ Kd8 7. Ne2 Nf6 8. Qh4 d5 9. g4 Nc6 10. g5 Nd7 11. Nf4 Nde5 12. Kd1 Nf3 13. Qg3 Bxf5 14. Nxd5 Qd7 15. Ne3 Bd6 16. Qg2 Bg6 17. Nc3 Bh5 18. Be2 Ncd4 19. h3 Nxe2 20. Nxe2 Nd4 21. Ng4 Nf3 22. Nc3 Qf5 23. a4 Nxg5 24. Ra3 c4 25. Ra1 Nxh3 26. Rxh3 Bxg4+ 27. Ke1 Bxh3 28. Qxe4 0-1